Vista normal Vista MARC

Entrada Topical Term

Número de registros utilizados en: 1

001 - CONTROL NUMBER

  • control field: 42517

003 - CONTROL NUMBER IDENTIFIER

  • control field: OSt

005 - DATE AND TIME OF LATEST TRANSACTION

  • control field: 20240930110932.0

008 - FIXED-LENGTH DATA ELEMENTS

  • fixed length control field: 240930|| aca||aabn | a|a d

040 ## - CATALOGING SOURCE

  • Original cataloging agency: OSt
  • Transcribing agency: OSt

150 ## - HEADING--TOPICAL TERM

  • Topical term or geographic name entry element: Universidades
  • General subdivision: Historia
  • Geographic subdivision: Colombia
  • Chronological subdivision: 1832-1857

670 ## - SOURCE DATA FOUND

  • Source citation: Work cat.: (OSt)38353: Silva, Renán 24734, Universidad y Sociedad en el Nuevo Reino de Granada contribución a un análisis histórico de la formación intelectual de la sociedad Colombiana









Instituto Departamental de Cultura del Meta - Red Departamental de Bibliotecas Públicas del Meta.